Powstanie listopadowe... czy styczniowe? - Statystyki

Ogólne statystyki
  • Ten quiz został rozwiązany 1 354 razy
    1 331 od ostatniego zresetowania
  • Średni wynik to 9 z 15
Statystyki odpowiedzi
Zagadnienie Odpowiedź % Poprawnych
Które wydarzyło się wcześniej Powstanie listopadowe
93%
Które skończyło się klęską Polaków Oba
89%
Które było przeciwko Rosji Oba
87%
Którego jednym z dyktatorów powstania był Romuald Traugutt Powstanie styczniowe
79%
Którego skutkiem była Wielka Emigracja Powstanie listopadowe
74%
W którym odbyła się bitwa o Olszynkę Grochowską Powstanie listopadowe
64%
Po którym ustanowiono Dzień Podchorążego Powstanie listopadowe
64%
Które trwało dłużej Powstanie styczniowe
59%
Podczas którego Aleksander II Romanow był carem Imperium Rosyjskiego Powstanie styczniowe
57%
Którego przyczyną było nieprzestrzeganie przez rosyjskiego cara konstytucji Królestwa Polskiego Powstanie listopadowe
55%
Które miało charakter wojny partyzanckiej Powstanie styczniowe
47%
Które było ogłoszone manifestem Powstanie styczniowe
46%
W którym więcej polskich powstańców brało udział Powstanie styczniowe
37%
Po którym car Rosji powiedział "Nie wiem, czy będzie jeszcze kiedy jaka Polska, ale tego jestem pewien, że nie będzie już Polaków." Powstanie listopadowe
26%
Podczas którego zmarł co najmniej jeden polski dowódca (powstania) Powstanie styczniowe
18%
Nie znaleziono quizów pasujących do podanych kryteriów
Rozkład punktacji
Procent ludzi z każdym wynikiem
Percentyl według liczby udzielonych odpowiedzi
Twoja historia wyników
Nie rozwiązałeś tego quizu od ostatniego zresetowania